Spelling Bee Words Quiz Stats

 Plays Quiz Updated Oct 4, 2019

Score 0/41 Timer 10:00
9 Plays Today
Phonetic spelling (Year) Word % Correct
LOOZH (1984)luge
74.5%
sahr-KOF-uh-guhs (1981)sarcophagus
67.7%
kah-mi-KAH-zee (1993)kamikaze
60.9%
POOR-im or poo-REEM (1983)Purim
51.6%
suh-RAHY-uh-sis (1982)psoriasis
50.3%
mil-YOO or mee-LYΠ(1985)milieu
46.2%
oh-don-TAL-juh (1986)odontalgia
26.9%
an-tee-di-LOO-vee-uhn (1994)antediluvian
24.9%
lahy-SEE-uhm (1992)lyceum
23.8%
dey-MARSH (2000)demarche
23.5%
ZANTH-sis or zan-THO-sis (1995)xanthosis
19%
koy-nohn-EE-ah (2018)koinonia
18.6%
SPOH-lee-ey-ter (1989)spoliator
17.9%
el-i-JAHY-uhk-uhl or i-LEE-jee-ak-uhl (1988)elegiacal
17.2%
an-tee-pahy-RET-ik (1991)antipyretic
16.9%
YOO-uh-nim (1997)euonym
15.1%
law-guh-REE-uh or log-uh-REE-uh (1999)logorrhea
14.7%
NUHN-uh-tak (2015)nunatak
13.2%
staf-uh-luh-KOK-sahy (1987)staphylococci
12.9%
i-LOO-kyoo-breyt (1980)elucubrate
11.7%
kee-ahr-uh-SKYOOR-ist (1998)chiaroscurist
11.7%
Phonetic spelling (Year) Word % Correct
guh-zel-shahf-tuh (2016)gesellschaft
10.3%
MAH-reh-kayn (2017)marocain
9%
kuh-NAY-duhl (2013)knaidel
8.4%
FOI-uh-tn (2014)feuilleton
8.1%
stik-uh-MITH-ee-uh (2014)stichomythia
7.8%
aw-TOK-thuh-nuhs (2004)autochthonous
6.7%
SHEER-n-shnit-uh (2015)scherenschnitte
6.4%
OOR-shprah-khuh (2006)Ursprache
6.3%
uh-poj-uh-TOOR-uh (2005)appoggiatura
6.2%
poh-koh-koo-RAN-tee (2003)pococurante
5.9%
ley-od-uh-SEE-uhn (2009)Laodicean
5.8%
GET-uh-pahn (2012)guetapens
5.1%
viv-uh-SEP-uhl-cher (1996)vivisepulture
3.3%
GUR-dn (2008)guerdon
3.1%
pro-SPISH-uhns (2002)prospicience
3%
suhk-si-DEY-nee-uhm (2001)succedaneum
2.5%
FAHY-bran or fahy-BRAN (1990)fibranne
2%
sair-FEEN or ser-FEEN (2007)serrefine
1.6%
sahy-MO-truh-kuhs (2011)cymotrichous
0.9%
STRAH-moor (2010)stromuhr
0.8%

You're not logged in!

Compare scores with friends on all Sporcle quizzes.
OR
Log In

Sporcle TV

Today on Sporcle TV


Watch our educational content, quiz creation guides, and fun videos on Sporcle TV.

Show Comments

Extras

Top Quizzes Today


Score Distribution

Your Account Isn't Verified!

In order to create a playlist on Sporcle, you need to verify the email address you used during registration. Go to your Sporcle Settings to finish the process.

Report this User

Report this user for behavior that violates our Community Guidelines.

Details: